[Event "Oberliga Nord O 1819"]
[Site "Germany"]
[Date "2019.02.24"]
[Round "7.4"]
[White "Sawlin, Michail"]
[Black "Schoene, Ralf"]
[Result "1-0"]
[WhiteElo "2188"]
[BlackElo "2249"]
[PlyCount "111"]
[EventDate "2018.10.21"]
[EventType "team-tourn"]
[EventRounds "9"]
[EventCountry "GER"]
[SourceTitle "EXT 2020"]
[Source "ChessBase"]
[SourceDate "2019.10.17"]
[SourceVersion "1"]
[SourceVersionDate "2019.10.17"]
[SourceQuality "1"]
[WhiteTeam "Berlin Makkabi"]
[BlackTeam "Potsdam Empor"]
[WhiteTeamCountry "GER"]
[BlackTeamCountry "GER"]

1. e4 e5 2. Nf3 Nc6 3. d4 exd4 4. Nxd4 Nf6 5. Nxc6 bxc6 6. e5 Qe7 7. Qe2 Nd5 8. c4 Ba6 9. Qe4 Nb6 10. Nc3 g6 11. Bf4 Bg7 12. 0-0-0 Qc5 13. Be3 Qb4 14. a3 Qb3 15. c5 Nc4 16. Bxc4 Qxc4 17. Rd4 Qe6 18. Rhd1 0-0 19. f4 Rad8 20. Ra4 Bb7 21. Rxa7 Rb8 22. Qb4 Ba8 23. Qd4 d6 24. cxd6 c5 25. Qa4 cxd6 26. Rxd6 Qg4 27. Bxc5 Bxg2 28. Rdd7 Bh6 29. Bxf8 Bxf4+ 30. Kb1 Rxf8 31. e6 Bh3 32. Rxf7 Qg1+ 33. Qd1 Bf5+ 34. Ka1 Qxd1+ 35. Nxd1 Rxf7 36. exf7+ Kf8 37. h4 Bg3 38. Ne3 Be6 39. Ra4 Kxf7 40. Ng4 h5 41. Ra7+ Ke8 42. Nf6+ Kd8 43. Rg7 Bf5 44. Nxh5 Bxh4 45. Nf4 Ke8 46. a4 Bf6 47. Rxg6 Bxg6 48. Nxg6 Kd7 49. Ka2 Kc6 50. Nf4 Kc5 51. Kb3 Bh4 52. Nd3+ Kd4 53. Nb4 Bg5 54. Na2 Be7 55. a5 Bg5 56. a6 1-0

[Event "Oberliga Nord O 1819"]
[Site "Germany"]
[Date "2018.11.25"]
[Round "3.5"]
[White "Sawlin, Michail"]
[Black "Schabe, Felix"]
[Result "0-1"]
[WhiteElo "2188"]
[BlackElo "1813"]
[PlyCount "54"]
[EventDate "2018.10.21"]
[EventType "team-tourn"]
[EventRounds "9"]
[EventCountry "GER"]
[SourceTitle "EXT 2020"]
[Source "ChessBase"]
[SourceDate "2019.10.17"]
[SourceVersion "1"]
[SourceVersionDate "2019.10.17"]
[SourceQuality "1"]
[WhiteTeam "Berlin Makkabi"]
[BlackTeam "Berlin Empor"]
[WhiteTeamCountry "GER"]
[BlackTeamCountry "GER"]

1. e4 d6 2. d4 Nf6 3. Nc3 g6 4. f3 b6 5. Be3 c5 6. dxc5 bxc5 7. e5 Nfd7 8. exd6 exd6 9. Bc4 Bb7 10. Qe2 Ne5 11. Bxc5 Qh4+ 12. Bf2 Qxc4 13. Qd2 h5 14. 0-0-0 Bh6 15. Be3 Bxe3 16. Qxe3 Nbd7 17. Nge2 Qc5 18. Qf4 Rc8 19. Rhe1 0-0 20. h4 Nc4 21. Kb1 Ne3 22. Rxd6 Ne5 23. Qf6 Nxg2 24. Red1 Ne3 25. Rg1 N3g4 26. Rdd1 Nxf3 27. Rgf1 Rc6 0-1

[Event "Oberliga Nord O 1718"]
[Site "Germany"]
[Date "2018.04.15"]
[Round "9.5"]
[White "Sawlin, Michail"]
[Black "Syre, Christian"]
[Result "1/2-1/2"]
[WhiteElo "2190"]
[BlackElo "2178"]
[PlyCount "24"]
[EventDate "2017.10.08"]
[EventType "team-tourn"]
[EventRounds "9"]
[EventCountry "GER"]
[SourceTitle "EXT 2019"]
[Source "ChessBase"]
[SourceDate "2018.10.10"]
[SourceVersion "1"]
[SourceVersionDate "2018.10.10"]
[SourceQuality "1"]
[WhiteTeam "Berlin Makkabi"]
[BlackTeam "Berlin Oberschoeneweide"]
[WhiteTeamCountry "GER"]
[BlackTeamCountry "GER"]

1. e4 c5 2. Nf3 g6 3. d4 cxd4 4. Nxd4 Bg7 5. c4 Nc6 6. Be3 Nf6 7. Nc3 0-0 8. Be2 d6 9. 0-0 Bd7 10. h3 Nxd4 11. Bxd4 Bc6 12. Qd3 Nd7 1/2-1/2

[Event "Oberliga Nord O 1718"]
[Site "Germany"]
[Date "2018.02.25"]
[Round "7.5"]
[White "Sawlin, Michail"]
[Black "Sulayev, Daniel"]
[Result "1-0"]
[WhiteElo "2190"]
[BlackElo "2057"]
[PlyCount "119"]
[EventDate "2017.10.08"]
[EventType "team-tourn"]
[EventRounds "9"]
[EventCountry "GER"]
[SourceTitle "EXT 2019"]
[Source "ChessBase"]
[SourceDate "2018.10.10"]
[SourceVersion "1"]
[SourceVersionDate "2018.10.10"]
[SourceQuality "1"]
[WhiteTeam "Berlin Makkabi"]
[BlackTeam "Berlin Empor"]
[WhiteTeamCountry "GER"]
[BlackTeamCountry "GER"]

1. e4 c5 2. Nf3 Nc6 3. d4 cxd4 4. Nxd4 Nf6 5. Nc3 e5 6. Ndb5 d6 7. Bg5 a6 8. Na3 b5 9. Nd5 Be7 10. Bxf6 Bxf6 11. c4 b4 12. Nc2 Rb8 13. b3 Bg5 14. Bd3 0-0 15. 0-0 a5 16. a3 Be6 17. axb4 Bxd5 18. cxd5 Nxb4 19. Nxb4 Rxb4 20. Bc4 Qb6 21. Qd3 Ra8 22. g3 h6 23. Kg2 a4 24. Ra3 Rc8 25. Rxa4 Rxa4 26. bxa4 Qb4 27. Bb5 Rc3 28. Qe2 Qb3 29. Bd7 Qb4 30. h4 Bd8 31. h5 Rc4 32. Rb1 Qxb1 33. Qxc4 Qb7 34. Bf5 Ba5 35. Kf3 Kf8 36. Bh3 Ke7 37. Bf5 Kf8 38. Kg2 Ke7 39. Qc2 Qc7 40. Qe2 Qb7 41. Qc4 Kd8 42. Bg4 Bb4 43. Bc8 Qb6 44. Ba6 Bc5 45. Qe2 Bxf2 46. a5 Qa7 47. Qxf2 Qxa6 48. Qxf7 Qe2+ 49. Kh3 Qxe4 50. Qf8+ Kd7 51. Qxg7+ Kd8 52. Qf8+ Kd7 53. Qf7+ Kd8 54. Qf6+ Kd7 55. Qe6+ Kc7 56. Qe7+ Kc8 57. Qe8+ Kb7 58. Qc6+ Ka7 59. Qb6+ Ka8 60. Qa6+ 1-0

[Event "Oberliga Nord O 1718"]
[Site "Germany"]
[Date "2018.01.21"]
[Round "5.5"]
[White "Germann, Heike"]
[Black "Sawlin, Michail"]
[Result "1/2-1/2"]
[WhiteElo "2059"]
[BlackElo "2190"]
[PlyCount "65"]
[EventDate "2017.10.08"]
[EventType "team-tourn"]
[EventRounds "9"]
[EventCountry "GER"]
[SourceTitle "EXT 2019"]
[Source "ChessBase"]
[SourceDate "2018.10.10"]
[SourceVersion "1"]
[SourceVersionDate "2018.10.10"]
[SourceQuality "1"]
[WhiteTeam "Neuruppin"]
[BlackTeam "Berlin Makkabi"]
[WhiteTeamCountry "GER"]
[BlackTeamCountry "GER"]

1. d4 e6 2. c4 d5 3. Nc3 f5 4. g3 Nf6 5. Bg2 c6 6. Nh3 Be7 7. 0-0 0-0 8. Qc2 a5 9. e3 Na6 10. a3 Bd7 11. b3 b5 12. Nf4 Rc8 13. Qe2 Qb6 14. c5 Qb7 15. Nd3 Bd8 16. Bd2 Nb8 17. b4 a4 18. f3 Be8 19. e4 Bf7 20. Bf4 Bc7 21. Bg5 Nbd7 22. e5 h6 23. Bxf6 gxf6 24. f4 Kh7 25. Bh3 Rce8 26. Kh1 Bg6 27. Rf2 Qb8 28. Rg1 Qd8 29. Nd1 Qe7 30. Ne3 Qf7 31. Ne1 Rg8 32. Bg2 Bh5 33. Qc2 1/2-1/2

[Event "Oberliga Nord O 1718"]
[Site "Germany"]
[Date "2017.12.10"]
[Round "4.5"]
[White "Sawlin, Michail"]
[Black "Franzke, Alexander"]
[Result "0-1"]
[WhiteElo "2190"]
[BlackElo "2009"]
[PlyCount "102"]
[EventDate "2017.10.08"]
[EventType "team-tourn"]
[EventRounds "9"]
[EventCountry "GER"]
[SourceTitle "EXT 2019"]
[Source "ChessBase"]
[SourceDate "2018.10.10"]
[SourceVersion "1"]
[SourceVersionDate "2018.10.10"]
[SourceQuality "1"]
[WhiteTeam "Berlin Makkabi"]
[BlackTeam "Cottbus Lokomotive"]
[WhiteTeamCountry "GER"]
[BlackTeamCountry "GER"]

1. e4 c5 2. Nf3 g6 3. Nc3 Bg7 4. d4 cxd4 5. Nxd4 Nc6 6. Be3 Nf6 7. Nb3 0-0 8. Be2 a5 9. a4 Nb4 10. Bf3 d6 11. 0-0 Be6 12. Nd4 Bc4 13. Re1 Rc8 14. Rc1 Nd7 15. Bg4 e6 16. f4 Nb6 17. b3 Ba6 18. Ncb5 Na2 19. Ra1 Nc3 20. Qd3 Nd7 21. Bd2 Qb6 22. Be3 Qd8 23. Kh1 Qh4 24. Bf3 e5 25. g3 Qe7 26. Ne2 exf4 27. Bd4 Ne5 28. Bxe5 Bxe5 29. gxf4 Bg7 30. e5 Nxe2 31. Qxe2 dxe5 32. fxe5 Rc5 33. Rad1 Rxe5 34. Qd2 Re8 35. Rxe5 Qxe5 36. Qxa5 Qf4 37. Rd3 Be5 38. Qd2 Qh4 39. Qe2 Re7 40. Re3 Bxh2 41. Rxe7 Bd6+ 42. Kg2 Bxe7 43. Qf2 Qf4 44. Qg3 Qd2+ 45. Qf2 Qc1 46. c4 Qg5+ 47. Qg3 Bxb5 48. axb5 b6 49. Bd5 Kg7 50. Kf3 Qxg3+ 51. Kxg3 f5 0-1

[Event "Oberliga Nord O 1718"]
[Site "Germany"]
[Date "2017.11.12"]
[Round "3.6"]
[White "Sawlin, Michail"]
[Black "Paulowitz, Bernd Rainer"]
[Result "1-0"]
[WhiteElo "2190"]
[BlackElo "1924"]
[PlyCount "65"]
[EventDate "2017.10.08"]
[EventType "team-tourn"]
[EventRounds "9"]
[EventCountry "GER"]
[SourceTitle "EXT 2019"]
[Source "ChessBase"]
[SourceDate "2018.10.10"]
[SourceVersion "1"]
[SourceVersionDate "2018.10.10"]
[SourceQuality "1"]
[WhiteTeam "Berlin Makkabi"]
[BlackTeam "Stralsund"]
[WhiteTeamCountry "GER"]
[BlackTeamCountry "GER"]

1. e4 c5 2. Nf3 Nc6 3. d4 cxd4 4. Nxd4 Nf6 5. Nc3 e5 6. Ndb5 d6 7. Bg5 a6 8. Na3 b5 9. Nd5 Be7 10. Bxf6 gxf6 11. c4 b4 12. Nc2 Rb8 13. b3 f5 14. Bd3 f4 15. Qh5 Be6 16. g3 Bf6 17. Qh6 Bg5 18. Qh5 Bf6 19. Be2 Rg8 20. 0-0-0 fxg3 21. hxg3 Bg5+ 22. Kb1 Rg7 23. Bg4 Kf8 24. Bxe6 fxe6 25. Nde3 Rbb7 26. c5 Bxe3 27. Rxd6 Rbd7 28. Rxc6 Bxf2 29. Rf1 Rdf7 30. Qxe5 Bxg3 31. Rxf7+ Kxf7 32. Qxe6+ Kf8 33. Rc8 1-0

[Event "Oberliga Nord O 1718"]
[Site "Germany"]
[Date "2017.10.08"]
[Round "1.5"]
[White "Bruchmann, Stephan"]
[Black "Sawlin, Michail"]
[Result "1-0"]
[WhiteElo "2230"]
[BlackElo "2190"]
[PlyCount "63"]
[EventDate "2017.10.08"]
[EventType "team-tourn"]
[EventRounds "9"]
[EventCountry "GER"]
[SourceTitle "EXT 2019"]
[Source "ChessBase"]
[SourceDate "2018.10.10"]
[SourceVersion "1"]
[SourceVersionDate "2018.10.10"]
[SourceQuality "1"]
[WhiteTeam "Berlin Rotation"]
[BlackTeam "Berlin Makkabi"]
[WhiteTeamCountry "GER"]
[BlackTeamCountry "GER"]

1. e4 e6 2. d4 d5 3. Nc3 Nf6 4. e5 Nfd7 5. f4 c5 6. Nf3 Nc6 7. Be3 f6 8. Bb5 a6 9. Bxc6 bxc6 10. 0-0 f5 11. g4 Be7 12. gxf5 exf5 13. Na4 c4 14. b3 Nb6 15. Nc5 0-0 16. Rf2 Qe8 17. Rg2 Qh5 18. Qf1 h6 19. Kh1 a5 20. Qf2 Kh8 21. Rag1 Rg8 22. Rg6 cxb3 23. cxb3 a4 24. Qg2 Bf8 25. e6 axb3 26. axb3 Ra7 27. Ne5 Kh7 28. Nf7 Bxe6 29. Nxe6 Rxf7 30. Nxf8+ Kh8 31. Ne6 Nd7 32. Nxg7 1-0

[Event "Oberliga Nord O 1617"]
[Site "Germany"]
[Date "2017.03.19"]
[Round "7.4"]
[White "Sawlin, Michail"]
[Black "Stubbe, Wilko"]
[Result "0-1"]
[WhiteElo "2239"]
[BlackElo "2174"]
[PlyCount "100"]
[EventDate "2016.10.16"]
[EventType "team-tourn"]
[EventRounds "9"]
[EventCountry "GER"]
[SourceTitle "EXT 2018"]
[Source "ChessBase"]
[SourceDate "2017.10.13"]
[SourceVersion "1"]
[SourceVersionDate "2017.10.13"]
[SourceQuality "1"]
[WhiteTeam "Berlin Makkabi"]
[BlackTeam "Greifswald"]
[WhiteTeamCountry "GER"]
[BlackTeamCountry "GER"]

1. e4 e6 2. d4 d5 3. Nc3 Nf6 4. e5 Nfd7 5. f4 c5 6. Nf3 Nc6 7. Be3 Qb6 8. Na4 Qa5+ 9. c3 cxd4 10. b4 Qc7 11. Nxd4 a6 12. Bd3 g5 13. Nxe6 fxe6 14. Qh5+ Kd8 15. Qxg5+ Ne7 16. 0-0 Qc6 17. Nc5 b6 18. Nxd7 Bxd7 19. Bd4 Kc7 20. Qf6 Rg8 21. Bxh7 Rg7 22. Bd3 Nf5 23. Bxf5 exf5 24. e6 Qxe6 25. Qxe6 Bxe6 26. Bxg7 Bxg7 27. Rac1 Kd6 28. Rf3 Rc8 29. Rd3 Rc4 30. g3 Bf7 31. h4 Kc6 32. a4 d4 33. b5+ axb5 34. axb5+ Kxb5 35. Rb1+ Kc5 36. cxd4+ Bxd4+ 37. Kf1 b5 38. Ke2 b4 39. Kd2 Bd5 40. h5 Be4 41. h6 Bxd3 42. Kxd3 Rc3+ 43. Kd2 Rxg3 44. Rh1 Bc3+ 45. Kc2 Kc4 46. h7 b3+ 47. Kb1 Bh8 48. Rc1+ Kb4 49. Rh1 Rg2 50. Rd1 Ra2 0-1

[Event "Oberliga Nord O 1617"]
[Site "Germany"]
[Date "2017.02.05"]
[Round "5.5"]
[White "Germann, Heike"]
[Black "Sawlin, Michail"]
[Result "1-0"]
[WhiteElo "2026"]
[BlackElo "2239"]
[PlyCount "69"]
[EventDate "2016.10.16"]
[EventType "team-tourn"]
[EventRounds "9"]
[EventCountry "GER"]
[SourceTitle "EXT 2018"]
[Source "ChessBase"]
[SourceDate "2017.10.13"]
[SourceVersion "1"]
[SourceVersionDate "2017.10.13"]
[SourceQuality "1"]
[WhiteTeam "Neuruppin"]
[BlackTeam "Berlin Makkabi"]
[WhiteTeamCountry "GER"]
[BlackTeamCountry "GER"]

1. d4 e6 2. c4 f5 3. Nc3 Nf6 4. g3 d5 5. Bg2 c6 6. Nh3 Be7 7. 0-0 0-0 8. Qc2 dxc4 9. Rd1 Nbd7 10. Na4 Nd5 11. Qxc4 N7f6 12. Nc5 Re8 13. f3 b5 14. Qb3 Qb6 15. e4 Bxc5 16. dxc5 Qxc5+ 17. Kh1 fxe4 18. fxe4 Nb6 19. Bg5 Bb7 20. Rac1 Nc4 21. Bxf6 gxf6 22. e5 fxe5 23. Qf3 Qe7 24. b3 Nd6 25. Qg4+ Kh8 26. Qh5 Nf5 27. Ng5 Kg8 28. Re1 h6 29. Ne4 Rad8 30. g4 Qh4 31. Qg6+ Ng7 32. Nf6+ Kf8 33. Nh7+ Kg8 34. Nf6+ Kf8 35. Nxe8 1-0

[Event "Oberliga Nord O 1617"]
[Site "Germany"]
[Date "2017.01.15"]
[Round "4.4"]
[White "Niehaus, Frank"]
[Black "Sawlin, Michail"]
[Result "1/2-1/2"]
[WhiteElo "2220"]
[BlackElo "2239"]
[PlyCount "37"]
[EventDate "2016.10.16"]
[EventType "team-tourn"]
[EventRounds "9"]
[EventCountry "GER"]
[SourceTitle "EXT 2018"]
[Source "ChessBase"]
[SourceDate "2017.10.13"]
[SourceVersion "1"]
[SourceVersionDate "2017.10.13"]
[SourceQuality "1"]
[WhiteTeam "Koenig Tegel"]
[BlackTeam "Berlin Makkabi"]
[WhiteTeamCountry "GER"]
[BlackTeamCountry "GER"]

1. e4 e6 2. d4 d5 3. exd5 exd5 4. c4 Be6 5. cxd5 Bxd5 6. Nc3 c6 7. Nf3 Nf6 8. Be3 Nbd7 9. Bd3 Bd6 10. 0-0 0-0 11. Re1 h6 12. Nh4 Be6 13. Nf5 Bxf5 14. Bxf5 Nb6 15. Qf3 Re8 16. Bd3 Bc7 17. Rad1 Nbd5 18. Qh3 Qd6 19. Qh4 1/2-1/2

[Event "Oberliga Nord O 1516"]
[Site "Germany"]
[Date "2016.04.10"]
[Round "9.5"]
[White "Hoeckendorf, Hartmut"]
[Black "Sawlin, Michail"]
[Result "1/2-1/2"]
[WhiteElo "2135"]
[BlackElo "2204"]
[PlyCount "37"]
[EventDate "2015.09.20"]
[EventType "team-tourn"]
[EventRounds "9"]
[EventCountry "GER"]
[SourceTitle "EXT 2017"]
[Source "ChessBase"]
[SourceDate "2016.10.25"]
[SourceVersion "1"]
[SourceVersionDate "2016.10.25"]
[SourceQuality "1"]
[WhiteTeam "Fuerstenwalde"]
[BlackTeam "Makkabi Berlin"]
[WhiteTeamCountry "GER"]
[BlackTeamCountry "GER"]

1. e4 e6 2. d4 d5 3. Nc3 Nf6 4. e5 Nfd7 5. Nf3 c5 6. dxc5 Bxc5 7. Bd3 Nc6 8. Bf4 f6 9. exf6 Qxf6 10. Bg5 Qf7 11. Bh4 Nde5 12. Nxe5 Nxe5 13. 0-0 0-0 14. Be2 Bd7 15. Bg3 Ng6 16. Bh5 Bc6 17. Qg4 Qf6 18. Bxg6 hxg6 19. Rae1 1/2-1/2

[Event "Oberliga Nord O 1516"]
[Site "Germany"]
[Date "2016.03.13"]
[Round "8.5"]
[White "Sawlin, Michail"]
[Black "Lorenz, Sascha"]
[Result "1-0"]
[WhiteElo "2204"]
[BlackElo "2237"]
[PlyCount "81"]
[EventDate "2015.09.20"]
[EventType "team-tourn"]
[EventRounds "9"]
[EventCountry "GER"]
[SourceTitle "EXT 2017"]
[Source "ChessBase"]
[SourceDate "2016.10.25"]
[SourceVersion "1"]
[SourceVersionDate "2016.10.25"]
[SourceQuality "1"]
[WhiteTeam "Makkabi Berlin"]
[BlackTeam "Koenig Tegel"]
[WhiteTeamCountry "GER"]
[BlackTeamCountry "GER"]

1. e4 d6 2. d4 Nf6 3. Nc3 g6 4. f3 c6 5. Be3 Nbd7 6. Qd2 e5 7. 0-0-0 Qc7 8. g4 b5 9. g5 Nh5 10. d5 b4 11. dxc6 bxc3 12. cxd7+ Bxd7 13. Qxc3 Qxc3 14. bxc3 Be7 15. Bc4 Rc8 16. Bb3 a5 17. Ne2 0-0 18. h4 Bb5 19. Rhe1 Kg7 20. Rd5 Bxe2 21. Rxe2 Ra8 22. Rb5 Rfb8 23. a4 Rxb5 24. axb5 Rb8 25. Ba4 Bd8 26. Rd2 Bb6 27. Bxb6 Rxb6 28. c4 Nf4 29. c5 dxc5 30. Kb2 Kf8 31. Rd8+ Ke7 32. Ra8 Ne2 33. Ra7+ Kf8 34. Rc7 Rd6 35. Bb3 Nd4 36. Rxf7+ Ke8 37. Rxh7 Nxf3 38. Bd5 Kd8 39. Kc3 Rd7 40. Rh6 Nd4 41. b6 1-0

[Event "Oberliga Nord O 1516"]
[Site "Germany"]
[Date "2015.11.15"]
[Round "3.6"]
[White "Sawlin, Michail"]
[Black "Kather, Yannick"]
[Result "1/2-1/2"]
[WhiteElo "2201"]
[BlackElo "2043"]
[PlyCount "109"]
[EventDate "2015.09.20"]
[EventType "team-tourn"]
[EventRounds "9"]
[EventCountry "GER"]
[SourceTitle "CBM 170 Extra"]
[Source "ChessBase"]
[SourceDate "2016.02.25"]
[SourceVersion "1"]
[SourceVersionDate "2016.02.25"]
[SourceQuality "1"]
[WhiteTeam "Makkabi Berlin"]
[BlackTeam "Weisse Dame"]
[WhiteTeamCountry "GER"]
[BlackTeamCountry "GER"]

1. e4 c5 2. Nf3 Nc6 3. d4 cxd4 4. Nxd4 g6 5. c4 Nf6 6. Nc3 d6 7. Be2 Bg7 8. Be3 0-0 9. 0-0 Bd7 10. f3 Nxd4 11. Bxd4 Bc6 12. Rc1 Qa5 13. a3 Rfc8 14. Qd2 Qd8 15. b4 b6 16. Rfd1 Qf8 17. g4 Nd7 18. Nd5 Bxd4+ 19. Qxd4 Bxd5 20. cxd5 Rxc1 21. Rxc1 Rc8 22. Qd2 Qd8 23. Rc3 Rxc3 24. Qxc3 g5 25. Bb5 Ne5 26. Kf2 Kg7 27. h4 h6 28. h5 Kh7 29. a4 Qh8 30. Kg3 Qb8 31. Ba6 Qd8 32. Be2 a5 33. Bb5 axb4 34. Qxb4 Qc7 35. Bc6 Nxc6 36. Qc4 Kg7 37. Qc3+ Kh7 38. dxc6 d5+ 39. e5 Kg8 40. Kf2 Kf8 41. Ke3 Ke8 42. Kd3 Kd8 43. Kc2 Qa7 44. Qb4 Qa5 45. Qb5 Kc7 46. Kd3 f6 47. exf6 exf6 48. Qb2 Qxa4 49. Qxf6 Qd1+ 50. Ke3 Qc1+ 51. Kf2 Qc2+ 52. Ke3 Qc1+ 53. Ke2 Qc2+ 54. Ke3 Qc1+ 55. Ke2 1/2-1/2

[Event "Berlin-ch"]
[Site "Berlin"]
[Date "2011.04.28"]
[Round "6"]
[White "Sawlin, Michail"]
[Black "Stern, Rene"]
[Result "0-1"]
[WhiteElo "2179"]
[BlackElo "2497"]
[PlyCount "76"]
[EventDate "2011.04.23"]
[EventType "swiss"]
[EventRounds "9"]
[EventCountry "GER"]
[SourceTitle "CBM 142 Extra"]
[Source "ChessBase"]
[SourceDate "2011.06.27"]
[SourceVersion "1"]
[SourceVersionDate "2011.06.27"]
[SourceQuality "1"]

1. e4 d6 2. d4 Nf6 3. Nc3 e5 4. dxe5 dxe5 5. Qxd8+ Kxd8 6. Bc4 Be6 7. Bxe6 fxe6 8. Nf3 Bd6 9. Bg5 a6 10. 0-0-0 Ke7 11. h3 Nc6 12. a3 Raf8 13. Nd2 Bc5 14. Rhf1 h6 15. Be3 Bxe3 16. fxe3 g5 17. g3 g4 18. h4 Nh5 19. Ne2 Nb8 20. Rxf8 Rxf8 21. Rf1 Rg8 22. Rf2 Nd7 23. Nf1 Ndf6 24. Nc3 Ne8 25. b3 Nd6 26. Rg2 b5 27. Nd2 Nf6 28. b4 Rc8 29. Kb2 c5 30. Kb3 Nd7 31. Nd1 h5 32. Re2 Nb6 33. bxc5 Rxc5 34. Nb2 Nbc4 35. Nbxc4 Nxc4 36. Kb4 Rc6 37. Nb3 Nd6 38. Nc5 a5+ 0-1

[Event "Berlin-ch"]
[Site "Berlin"]
[Date "2011.04.26"]
[Round "4"]
[White "Escher, Clemens"]
[Black "Sawlin, Michail"]
[Result "0-1"]
[WhiteElo "2194"]
[BlackElo "2179"]
[PlyCount "72"]
[EventDate "2011.04.23"]
[EventType "swiss"]
[EventRounds "9"]
[EventCountry "GER"]
[SourceTitle "CBM 142 Extra"]
[Source "ChessBase"]
[SourceDate "2011.06.27"]
[SourceVersion "1"]
[SourceVersionDate "2011.06.27"]
[SourceQuality "1"]

1. d4 e6 2. c4 f5 3. g3 d5 4. Bg2 c6 5. Nf3 Nf6 6. 0-0 Be7 7. Nbd2 0-0 8. Qc2 Ne4 9. Ne5 Nd7 10. Nd3 Ndf6 11. Nf3 Bd7 12. Nfe5 Nd6 13. Nc5 Bc8 14. b3 Nf7 15. Nxf7 Rxf7 16. Bb2 b6 17. Nd3 Bb7 18. Ne5 Rf8 19. Rac1 Rc8 20. Qd3 Nd7 21. Nf3 c5 22. Qe3 Kf7 23. Rfd1 Bf6 24. cxd5 Bxd5 25. Ne5+ Kg8 26. dxc5 Nxc5 27. Nc4 Ne4 28. Ba3 Be7 29. Bxe4 fxe4 30. Bxe7 Qxe7 31. Nd2 Qa3 32. Rxc8 Rxc8 33. Nxe4 Qxa2 34. Nd6 Qxb3 35. Rxd5 Qxe3 36. fxe3 Rc1+ 0-1

[Event "Berlin-ch"]
[Site "Berlin"]
[Date "2011.04.23"]
[Round "1"]
[White "Sawlin, Michail"]
[Black "Figura, Atila Gajo"]
[Result "1-0"]
[WhiteElo "2179"]
[BlackElo "2367"]
[PlyCount "57"]
[EventDate "2011.04.23"]
[EventType "swiss"]
[EventRounds "9"]
[EventCountry "GER"]
[SourceTitle "CBM 142 Extra"]
[Source "ChessBase"]
[SourceDate "2011.06.27"]
[SourceVersion "1"]
[SourceVersionDate "2011.06.27"]
[SourceQuality "1"]

1. e4 c5 2. Nf3 e6 3. d4 cxd4 4. Nxd4 Nc6 5. Nb5 d6 6. c4 Nf6 7. N5c3 Be7 8. Be2 b6 9. 0-0 Bb7 10. f4 0-0 11. Bf3 Rc8 12. b3 a6 13. Bb2 b5 14. Nd2 Qb6+ 15. Kh1 Nd4 16. Ne2 Nxf3 17. gxf3 Rfd8 18. Bd4 Qa5 19. Rg1 g6 20. Ng3 Qc7 21. Qe2 Bc6 22. Rac1 Qb8 23. f5 bxc4 24. bxc4 Bd7 25. Qe3 Re8 26. Qh6 exf5 27. exf5 d5 28. fxg6 fxg6 29. Nh5 1-0

[Event "Berlin-ch"]
[Site "Berlin"]
[Date "2009.04.16"]
[Round "6"]
[White "Eberhardt, Olaf"]
[Black "Sawlin, Michail"]
[Result "1/2-1/2"]
[WhiteElo "2099"]
[BlackElo "2188"]
[PlyCount "36"]
[EventDate "2009.04.11"]
[EventType "swiss"]
[EventRounds "9"]
[EventCountry "GER"]
[SourceTitle "CBM 129 Extra"]
[Source "ChessBase"]
[SourceDate "2009.05.05"]
[SourceVersion "2"]
[SourceVersionDate "2009.05.20"]
[SourceQuality "1"]

1. e4 e6 2. d4 d5 3. Nd2 dxe4 4. Nxe4 Nf6 5. Bd3 b6 6. Nf3 Bb7 7. Qe2 Nbd7 8. 0-0 Be7 9. Rd1 0-0 10. c4 Nxe4 11. Bxe4 Bxe4 12. Qxe4 Nf6 13. Qe2 c6 14. Bf4 Bd6 15. Bg5 Be7 16. Ne5 Rc8 17. Rd3 Nd7 18. Bxe7 Qxe7 1/2-1/2

[Event "Berlin-ch"]
[Site "Berlin"]
[Date "2009.04.15"]
[Round "5"]
[White "Sawlin, Michail"]
[Black "Salzberg, Gregor"]
[Result "1-0"]
[WhiteElo "2188"]
[BlackElo "2164"]
[PlyCount "67"]
[EventDate "2009.04.11"]
[EventType "swiss"]
[EventRounds "9"]
[EventCountry "GER"]
[SourceTitle "CBM 129 Extra"]
[Source "ChessBase"]
[SourceDate "2009.05.05"]
[SourceVersion "2"]
[SourceVersionDate "2009.05.20"]
[SourceQuality "1"]

1. e4 e6 2. d4 d5 3. Nc3 dxe4 4. Nxe4 Nd7 5. Nf3 Ngf6 6. Bd3 c5 7. c3 Nxe4 8. Bxe4 Nf6 9. Bc2 cxd4 10. Nxd4 e5 11. Qe2 Bd6 12. 0-0 0-0 13. Nf5 Re8 14. Bg5 Bxf5 15. Bxf5 e4 16. Rad1 Qe7 17. g3 Qe5 18. Bxf6 Qxf5 19. Bxg7 Kxg7 20. Rxd6 Re7 21. Qe3 Rae8 22. Qxa7 e3 23. fxe3 Qh3 24. Qd4+ Kg8 25. Rf4 h5 26. Rh6 Re5 27. Qc4 Qd7 28. Rg6+ Kf8 29. Rgf6 R8e7 30. Rd4 Qh3 31. Rd8+ Kg7 32. Qf4 Re8 33. Rxf7+ Kg8 34. Qxe5 1-0

[Event "Berlin-ch"]
[Site "Berlin"]
[Date "2009.04.14"]
[Round "4"]
[White "Dauth, Benjamin"]
[Black "Sawlin, Michail"]
[Result "1-0"]
[WhiteElo "2305"]
[BlackElo "2188"]
[PlyCount "209"]
[EventDate "2009.04.11"]
[EventType "swiss"]
[EventRounds "9"]
[EventCountry "GER"]
[SourceTitle "CBM 129 Extra"]
[Source "ChessBase"]
[SourceDate "2009.05.05"]
[SourceVersion "2"]
[SourceVersionDate "2009.05.20"]
[SourceQuality "1"]

1. e4 e6 2. d4 d5 3. exd5 exd5 4. Bd3 Nc6 5. c3 Bd6 6. Qf3 Nge7 7. Ne2 Be6 8. Nf4 Qd7 9. Nxe6 fxe6 10. Qg4 e5 11. Qxd7+ Kxd7 12. dxe5 Nxe5 13. Be2 c5 14. Nd2 Rae8 15. f4 N5c6 16. Nf3 Nf5 17. Kf2 d4 18. Rd1 Kc7 19. Bb5 Ne3 20. Bxe3 dxe3+ 21. Ke2 Bxf4 22. Rd5 a6 23. Bxc6 Kxc6 24. Rad1 Re7 25. g3 Bc7 26. R5d3 Rhe8 27. c4 b5 28. Rc1 b4 29. Rcd1 h6 30. Rd5 Re6 31. R1d3 a5 32. b3 a4 33. Nh4 Be5 34. bxa4 g5 35. Nf5 Rf6 36. g4 Bxh2 37. Rxe3 Rxe3+ 38. Nxe3 Bf4 39. Nc2 Re6+ 40. Kf3 Re8 41. a5 Ra8 42. Rf5 Bc7 43. Rf6+ Kb7 44. a6+ Rxa6 45. Rxa6 Kxa6 46. Ke4 Bf4 47. Ne1 Kb6 48. Nd3 Bd2 49. Kd5 Be3 50. Ne5 Kc7 51. Ke4 Bd4 52. Nf7 Kb6 53. Nd8 Bf2 54. Ne6 Kc6 55. Nd8+ Kd6 56. Kf5 Ke7 57. Nc6+ Kf7 58. Ne5+ Kg7 59. Nc6 Kf7 60. Na7 Bd4 61. Nb5 Bf2 62. Nd6+ Kg7 63. Ne4 Bd4 64. Ng3 Bf2 65. Nh5+ Kf7 66. Ke5 Kg6 67. Ke6 Bd4 68. Ng3 Bf2 69. Nh5 Bd4 70. Ke7 Bf2 71. Kd6 Kf7 72. Kd5 Kg6 73. Kc6 Kf7 74. Kd6 Kg6 75. Ke5 Bd4+ 76. Ke4 Bf2 77. Kf3 Be1 78. Ke3 Kf7 79. Ke2 Bh4 80. Kf3 Be1 81. Ke4 Kg6 82. Ke5 Bf2 83. Kd6 Kf7 84. Kd5 Kg6 85. Ke6 Bd4 86. Ng3 Bf2 87. Nh1 Be1 88. Kd5 h5 89. gxh5+ Kxh5 90. Kxc5 Kg4 91. Kb5 Kf3 92. c5 Bd2 93. c6 Bf4 94. Kxb4 Kg2 95. a4 Kxh1 96. a5 g4 97. a6 Bb8 98. c7 Bxc7 99. a7 g3 100. a8Q+ g2 101. Qc6 Bg3 102. Kc4 Kg1 103. Kd3 Kf1 104. Qf6+ Bf2 105. Qa1+ 1-0